Click The Correct North American Country - Statistics

General Stats
  • This quiz has been taken 47 times
  • The average score is 12 of 23
Answer Stats
Hint Answer % Correct
The second-largest country in the world by land area, known for its maple syrup and natural beauty. Canada
89%
Known for its ancient Aztec and Mayan ruins, as well as vibrant festivals like Día de los Muertos. Mexico
86%
The third-largest country in the world, known for its cultural influence and economic power. United States
86%
Famous for a Canal named after the country, connecting the Atlantic and Pacific Oceans. Panama
82%
Known for its classic cars, cigars, and vibrant music culture. Cuba
79%
Shares the island of Hispaniola with Haiti and is famous for its beaches and resorts. Dominican Republic
79%
Famous for reggae music, jerk cuisine, and Usain Bolt, the world’s fastest man. Jamaica
79%
Renowned for its biodiversity and eco-tourism, with 25% of its land protected. Costa Rica
64%
Known for its Mayan ruins, such as Tikal, and colorful traditional textiles. Guatemala
61%
The first independent Black republic and the first country to abolish slavery. Haiti
57%
Known as the “Land of Lakes and Volcanoes,” with It’s Lake being one of the largest in the Americas. Nicaragua
57%
Famous for its crystal-clear waters and the swimming pigs of Exuma. Bahamas
50%
The birthplace of rum and known for its beautiful coral reefs. Barbados
46%
The smallest country in Central America, known for its coffee and volcanoes. El Salvador
46%
Home to the Great Blue Hole, a world-famous diving site. Belize
39%
The smallest sovereign state in the Western Hemisphere, known for its sugar plantations. Saint Kitts and Nevis
39%
Known for its Carnival and as the birthplace of steelpan music. Trinidad and Tobago
39%
Called the “Island of Spice” for its nutmeg and mace production. Grenada
32%
Home to the ancient Mayan ruins of Copán and the Bay Islands’ coral reefs. Honduras
29%
Known for the Pitons, twin volcanic spires that are a UNESCO World Heritage Site. Saint Lucia
29%
Known for its 365 beaches, one for each day of the year. Antigua and Barbuda
25%
Called the “Nature Island of the Caribbean” for its lush rainforests and hot springs. Dominica
21%
Famous for its pristine islands and as a filming location for Pirates of the Caribbean. Saint Vincent and the Grenadines
14%
No matching quizzes found
Score Distribution
Percent of People with Each Score
Percentile by Number Answered
Your Score History
You have not taken this quiz